000 00265nam a2200097Ia 4500
001 652663
005 20250826154443.0
008 250824s9999 xx 000 0 und d
245 0 _aRUBY ROGERS YÜRÜYEN BİR EFSANEYİM
_cSUE LİMB
260 _bALTIN KİTAPLAR YAYINLARI
999 _c652663
_d652663